|
|
|
|
| LEADER |
00000nas a2200000 a 4500 |
| 001 |
ssj0058553 |
| 003 |
WaSeSS |
| 005 |
20200512172242.0 |
| 006 |
m d |
| 007 |
cr n |
| 008 |
860721d19861992coumr p s 0 a0eng c |
| 010 |
|
|
|a 86642583
|z sn 86023473
|
| 022 |
|
|
|l 0898-6363
|y 0898-6363
|
| 035 |
|
|
|a (WaSeSS)ssj0058553
|
| 040 |
|
|
|a COP
|b eng
|c COP
|d HUL
|d DLC
|d NSD
|d DLC
|d NST
|d NSD
|d OCL
|d NSD
|d DLC
|d OCLCQ
|d OCLCF
|d OCLCO
|d COD
|d OCLCA
|d WaSeSS
|
| 042 |
|
|
|a pcc
|a nsdp
|
| 043 |
|
|
|a n-us-co
|
| 050 |
0 |
0 |
|a HC107.C7
|b C587
|
| 082 |
0 |
0 |
|a 330.9788/005
|2 19
|
| 210 |
0 |
|
|a Colo. bus. mag.
|
| 222 |
|
0 |
|a Colorado business magazine
|
| 245 |
0 |
0 |
|a Colorado business magazine
|h [electronic resource] :
|b CBM.
|
| 246 |
3 |
0 |
|a CBM
|
| 260 |
|
|
|a [Littleton, CO :
|b Wiesner,
|c c1986-
|
| 310 |
|
|
|a Monthly
|
| 362 |
0 |
|
|a [Vol. 13, no. 7] (July 1986)-
|
| 362 |
1 |
|
|a Ceased with vol. 19, no. 12 (Dec. 1992)?
|
| 500 |
|
|
|a Title from cover.
|
| 506 |
|
|
|a License restrictions may limit access.
|
| 588 |
|
|
|a Latest issue consulted: Vol. 19, no. 12 (Dec. 1992) (surrogate).
|
| 650 |
|
7 |
|a Commerce.
|2 fast
|0 (OCoLC)fst00869279
|
| 650 |
|
7 |
|a Economic history.
|2 fast
|0 (OCoLC)fst00901974
|
| 651 |
|
0 |
|a Colorado
|x Economic conditions
|v Periodicals.
|
| 651 |
|
0 |
|a Colorado
|x Commerce
|v Periodicals.
|
| 651 |
|
7 |
|a Colorado.
|2 fast
|0 (OCoLC)fst01210251
|
| 655 |
|
0 |
|a Electronic journals.
|
| 780 |
0 |
0 |
|t Colorado business
|x 0092-5071
|w (DLC) 73647348
|w (OCoLC)1789488
|
| 785 |
0 |
0 |
|t Colorado business (Englewood, Colo. : 1993)
|w (DLC) 99103200
|w (OCoLC)28009297
|
| 850 |
|
|
|a CoFS
|a CoU
|a DLC
|a MH-BA
|a NN
|a WyU
|
| 856 |
4 |
0 |
|z Full text available from Research Library: 07/01/1986 to 12/31/1992
|u https://search.proquest.com/publication/30406
|